| 000 | 02158nam0a22002891 4500 | ||
|---|---|---|---|
| 001 | rc\4100342 | ||
| 005 | 20260406113409.0 | ||
| 021 |
_aRU _b[53-43729] |
||
| 035 | _a(NLR Aleph) 008138285 | ||
| 090 |
_a9467587 _c9467587 |
||
| 100 | _a20130415d1953 |||y0rusy50 ca | ||
| 101 | 0 | _arus | |
| 102 | _aRU | ||
| 105 | _ac z ||||| | ||
| 200 | 1 | _aСтатьи о Горьком | |
| 210 |
_aЛенинград _cСов. писатель _d1953 |
||
| 215 |
_a546 с., 1 л. портр. _cпортр. _d21 |
||
| 327 | 1 | _aСодерж.: М. Горький - друг и соратник В.И. Ленина и И.В. Сталина; М. Горький в борьбе за передовую реалистичную литературу (1892-1917 гг.); "Мать" М. Горького - произведение социалистического реализма; "Лето" - повесть о революционном движении в деревне 900-х годов; Образ советского человека в очерках и рассказах М. Горького | |
| 464 | 0 |
_12001#$aМ. Горький - друг и соратник В.И. Ленина и И.В. Сталина$aМ. Горький в борьбе за передовую реалистичную литературу (1892-1917 гг.)$a"Мать" М. Горького - произведение социалистического реализма$a"Лето" - повесть о революционном движении в деревне 900-х годов$aОбраз советского человека в очерках и рассказах М. Горького _tОбраз советского человека в очерках и рассказах М. Горького |
|
| 606 |
_aПисатели русские, советские _2psbo |
||
| 700 | 1 |
_aКасторский _bС.В. _f1898-1962 _gСергей Васильевич |
|
| 702 | 1 |
_4570 _7ca _8rus _aГорький _bМ. _f1868-1936 _gМаксим _9110200 _3RU\NLR\auth\77104 |
|
| 801 | 0 |
_aRU _bNLR _gpsbo |
|
| 801 | 1 |
_aRU _bELAR _2rusmarc |
|
| 852 |
_aNLR _jЛ20 Г-3/523 |
||
| 942 | _cBOOK | ||
| 980 | _aNB | ||